effect of organgnic fertilizer on garland chrysanthemum cul tivated under shade net at royal university of agriculture(ឥទ្ធិពលជីសរីរាង្គលើដំណាំតាំងអោក្រោមម្លប់សំណាញ់ខៀវ នៅស្ថានីយ័ពិសោធន័ដំណាំ នៃសាកលវិទ្យាល័យភូមិន្ទកសិកម្ម) (Record no. 1179)
[ view plain ]
| 000 -LEADER | |
|---|---|
| fixed length control field | 00792nam a22001577a 4500 |
| 003 - CONTROL NUMBER IDENTIFIER | |
| control field | OSt |
| 005 - DATE AND TIME OF LATEST TRANSACTION | |
| control field | 20150924112941.0 |
| 008 - FIXED-LENGTH DATA ELEMENTS--GENERAL INFORMATION | |
| fixed length control field | 150924b xxu||||| |||| 00| 0 eng d |
| 040 ## - CATALOGING SOURCE | |
| Transcribing agency | RUA |
| 082 ## - DEWEY DECIMAL CLASSIFICATION NUMBER | |
| Classification number | AGR EM 2009 B039 Or.1 |
| 100 ## - MAIN ENTRY--PERSONAL NAME | |
| 9 (RLIN) | 1241 |
| Personal name | EM, SOTHEARY. |
| 245 ## - TITLE STATEMENT | |
| Title | effect of organgnic fertilizer on garland chrysanthemum cul tivated under shade net at royal university of agriculture(ឥទ្ធិពលជីសរីរាង្គលើដំណាំតាំងអោក្រោមម្លប់សំណាញ់ខៀវ នៅស្ថានីយ័ពិសោធន័ដំណាំ នៃសាកលវិទ្យាល័យភូមិន្ទកសិកម្ម) |
| 260 ## - PUBLICATION, DISTRIBUTION, ETC. (IMPRINT) | |
| Place of publication, distribution, etc. | Phnom Penh |
| Name of publisher, distributor, etc. | RUA |
| Date of publication, distribution, etc. | 20009 |
| 300 ## - PHYSICAL DESCRIPTION | |
| Extent | xiii, 52p. |
| Other physical details | ill. |
| Dimensions | 29cm. |
| 942 ## - ADDED ENTRY ELEMENTS (KOHA) | |
| Source of classification or shelving scheme | |
| Koha item type | AGR |
| Price effective from | Date last seen | Permanent Location | Not for loan | Date acquired | Source of classification or shelving scheme | Koha item type | Lost status | Withdrawn status | Date last checked out | Total Checkouts | Shelving location | Damaged status | Barcode | Current Location | Full call number |
|---|---|---|---|---|---|---|---|---|---|---|---|---|---|---|---|
| 2015-09-24 | 2023-08-15 | Library Block B | 2015-09-24 | AGR | 2023-08-08 | 1 | B039 | RUA000344 | Library Block B | AGR EM 2009 B039 Or.1 | |||||
| 2015-09-24 | 2018-07-17 | Library Block B | 2015-09-24 | AGR | 2018-06-11 | 2 | B039 | RUA000416 | Library Block B | AGR EM 2009 B039 Or.2 | |||||
| 2015-09-24 | 2016-10-25 | Library Block B | 2015-09-24 | AGR | 2016-10-10 | 1 | B039 | RUA000764 | Library Block B | AGR EM 2009 B039 Or.3 | |||||
| 2015-09-24 | 2020-05-13 | Library Block B | 2015-09-24 | AGR | 2020-02-10 | 3 | B039 | RUA000632 | Library Block B | AGR EM 2009 B039 Or.4 | |||||
| 2015-09-24 | 2018-12-03 | Library Block B | 2015-09-24 | AGR | 2018-11-20 | 1 | B039 | RUA000560 | Library Block B | AGR EM 2009 B039 Or.5 | |||||
| 2015-09-24 | 2020-08-11 | Library Block B | 2015-09-24 | AGR | 2020-02-10 | 1 | B039 | RUA000272 | Library Block B | AGR EM 2009 B039 Or.6 |